Wonky Word Clicking - W - Statistics

General Stats
  • This quiz has been taken 263 times
  • The average score is 11 of 15
Answer Stats
Hint Answer % Correct
Wishy -washy
95%
Whoop -de-do
88%
Worry wart
85%
Won ky
84%
Wing ding
79%
Wig wag
74%
Whiz bang
73%
Whatcha macallit
71%
Wisen heimer
70%
Wid get
69%
Whip -smart
64%
Whoo pla
63%
Whil likers
59%
Whod unit
59%
Willi waw
35%
No matching quizzes found
Score Distribution
Percent of People with Each Score
Percentile by Number Answered
Your Score History
You have not taken this quiz